Statistics for Super Mario Movie!

Click here to take the quiz!

General Stats

  • This quiz has been taken 52 times
  • The average score is 11 of 12

Answer Stats

Answer% Correct
Luigi
100%
Mario
100%
Princess Peach
100%
Toad
100%
Bowser
97%
Donkey Kong
97%
Wario
97%
Yoshi
97%
Waluigi
92%
Boo
83%
Luma
75%
Kamek
72%

Score Distribution

Percentile by Number Answered

Percent of People with Each Score

Your Score History

You have not taken this quiz